Statistics for Glagolitic Alphabet

Click here to take the quiz!

General Stats

  • This quiz has been taken 62 times
  • The average score is 25 of 41

Answer Stats

GlagolitsaLatin% Correct
ɑ
100%
b
94%
ɛ
84%
ʋ
81%
d
81%
ɡ
75%
f
75%
ʒ
72%
Ⰹ, Ⰺi, j
69%
k
69%
r
69%
s
69%
ɔ
66%
ʃ
66%
d͡z
66%
i, j
66%
l, ʎ
66%
n, ɲ
66%
p
66%
z
66%
m
63%
t
63%
u
63%
ɔ
59%
æ, jɑ
56%
d͡ʑ
56%
t͡s
56%
tʲ, ʃ͡t
50%
ɛ̃
47%
ɔ̃
44%
jɔ̃
44%
ju
44%
t͡ɕ
44%
x
44%
ʏ, i
41%
jɛ̃
41%
ⰟⰊɨ
38%
jo
38%
ɯ
34%
θ
34%
ə
34%

Score Distribution

Percentile by Number Answered

Percent of People with Each Score

Your Score History

You have not taken this quiz